000 00479nab a22001577 4500
003 ES-SlBCS
005 20240926132653.0
008 240926s2024 sp ||||| |||| 00| 0 spa d
040 _aES-SlBCS
_bspa
041 _aspa
100 1 _aBenjamins, Jacob
_9112892
245 1 3 _aLa contemplación y la vida religiosa.
_cJacob Benjamins, Stephan van Erp
700 1 _945258
_aErp, Stephan Van
773 0 _gNúm. 407, 2024, págs. 169-
_tConcilium
_wRev134
_x0210-1041
942 _2lcc
_cAR
999 _c898000
_d898000